banner koha

Variação espaço-temporal da par refletida pelo solo e transmitida pelo dossel em floresta inundável no pantanal mato-grossense (Registro n. 298460)

MARC details
000 -LÍDER
fixed length control field 04552nab a2200313 i 4500
003 - CÓDIGO MARC DA AGÊNCIA CATALOGADORA
Campo de controle BR-BrBNA
005 - DATA E HORA DA ÚLTIMA ATUALIZAÇÃO
Campo de controle 20240206101728.0
008 - CAMPO DE TAMANHO FIXO
fixed length control field 240206b2018 bl.qr|pooa||| 00| 0 por |
040 ## - FONTE DA CATALOGAÇÃO
Agência catalogadora BR-BrBNA
Idioma da catalogação por
072 ## - CATEGORIA AGRIS
Código AGRIS K10
072 ## - CATEGORIA AGRIS
Código AGRIS F61
100 ## - ENTRADA PRINCIPAL - NOME PESSOAL
Nome pessoal Novais, Jonathan Willian Zangeski
100 ## - ENTRADA PRINCIPAL - NOME PESSOAL
Nome pessoal Sanches, Luciana
100 ## - ENTRADA PRINCIPAL - NOME PESSOAL
Nome pessoal Dias, Vanessa Rakel de Moraes
100 ## - ENTRADA PRINCIPAL - NOME PESSOAL
Nome pessoal Machado, Nadja Gomes
100 ## - ENTRADA PRINCIPAL - NOME PESSOAL
Nome pessoal Silva, Ludymilla Barboza da
100 ## - ENTRADA PRINCIPAL - NOME PESSOAL
Nome pessoal Aquino, Aryadne Marcia
245 ## - TÍTULO PRINCIPAL
Título principal Variação espaço-temporal da par refletida pelo solo e transmitida pelo dossel em floresta inundável no pantanal mato-grossense
500 ## - NOTA GERAL
Nota geral Publicação on-line; Bibliography p. 1510-1513 (58 ref.); 3 tables; 2 illus.; Summaries (En, Pt)
942 ## - ADDED ENTRY ELEMENTS (KOHA)
Koha item type
520 ## - NOTA DE RESUMO
Nota de conteúdo <br/><br/>RESUMO<br/><br/>A cobertura do solo e o tipo de vegetação influenciam nos fluxos radiativos, na refletância do solo abaixo do dossel e na transmitância do dossel. Neste contexto, este trabalho analisou a variação espacial e temporal da radiação fotossinteticamente ativa refletida pelo solo em uma floresta sazonalmente inundável com do-minância de cambará (Vochysia divergens Pohl) no Pantanal Mato-grossense. A área de estudo foi dividida em 5 transectos com 11 pontos amostrais, totalizando 55 pontos medidos de dezembro de 2011 a novembro de 2012. A análise da distribuição espacial da radiação fotossinteticamente ativa refletida pelo solo foi rea-lizada utilizando semivariogramas, aplicando-se o modelo esférico. Encontrou-se correlação negativa das variáveis transmitância do dossel, radiação fotossinteticamente ativa incidente abaixo do dossel e refletida pelo solo com o índice de área foliar e positiva entre radiação fotossinteticamente ativa incidente abaixo do dossel e refletida pelo solo. Os resultados espaciais indicaram dependência espacial da radiação fotos-sinteticamente ativa refletida nos 9 meses analisados. O efeito pepita foi pequeno nas análises e o alcance mais comum entre os semivariogramas foi 100 m em dezembro∕2011, janeiro∕2012 e novembro∕2012, com o maior alcance ocorrendo no mês de junho/2012. As mudanças da radiação fotossinteticamente ativa refleti-da podem ser consideradas pela diferença da cota topográfica, ocorrendo acúmulo de umidade no transecto mais baixo, e pela diferença de vegetação encontrada na região, alterando a coloração e/ou cobertura do solo, mudando assim a reflexão.<br/><br/>Palavras-chave: Cambará; área alagável; semivariograma; Vochysia divergens.
520 ## - NOTA DE RESUMO
Nota de conteúdo <br/><br/>ABSTRACT<br/><br/>Ground cover and the vegetation type influence radiative flux through reflectance off the soil beneath the canopy and by transmittance from the canopy. Here, we analyze spatial and temporal variation in reflected photosynthetically active radiation (PAR), from soil in a seasonally flooded forest dominated by Vochysia divergens Pohl in a wetland area of Mato-Grosso State, Brazil. The study area was divided into 5 transects with 11 sampling points, totaling 55 measured points and samples were taken between December 2011 and November 2012. The spatial distribution of reflected PAR was assessed by applying the spherical model to semivariograms. We found a negative correlation between leaf area index and canopy transmittance, PAR below the canopy and PAR reflected by soil, and a positive correlation between PAR below the canopy and PAR reflected by soil. Our results indicate the spatial dependence of reflected PAR during the 9 months of the study. The most common range between the semivariograms was 100 m in December/2011, Janu-ary/2011 and November/2012, and the greatest range was in June/2012. These variations in reflected PAR are likely caused by differences in topographical elevation, moisture buildup and vegetation differences which have the capacity to alter soil color and/or cover, thereby altering light reflection.<br/><br/>Keywords: Cambará; flooded area; semivariogram; Vochysia divergens.
650 ## - ASSUNTO - THESAGRO
Cabeçalho tópico ou nome geográfico CAMBARA
650 ## - ASSUNTO - THESAGRO
Cabeçalho tópico ou nome geográfico SOLO INUNDADO
650 ## - ASSUNTO - THESAGRO
Cabeçalho tópico ou nome geográfico RADIAÇÃO SOLAR
773 0# - ENTRADA ANALÍTICA
Host Biblionumber 4065
Registro do item 198128
Imprenta Santa Maria-RS Universidade Federal de Santa Maria - Centro de Pesquisas Florestais.Departamento de Ciências Florestais. Programa de Pós-Graduação em Engenharia Florestal 1991
Outro identificador 2023-437009
Título Ciência Florestal (Brazil)
ISSN 0103-9954; 1980-5098 (on-line)
Colação v. 28(4) p. 1502-1513; (Oct-Dec 2018)
Número de controle de registro BR2023001548
856 ## - ACESSO E ENDEREÇO ELETRÔNICO
Identificador uniforme de recurso - URI https://www.scielo.br/j/cflo/a/by98cDYbBzRmVH659NbYyhp/?format=pdf&lang=pt

Nenhum exemplar disponível.

BINAGRI

Telefone: (61)3218-2567/2388/3357/2097 - binagri@agro.gov.br

Ministério da Agricultura e Pecuária , Esplanada dos Ministérios, Bloco D, Anexo B, Brasília/DF, CEP: 70.043-900